| 000 | 01339nam a2200229Ia 4500 | ||
|---|---|---|---|
| 003 | Ost | ||
| 005 | 20260507074859.0 | ||
| 008 | 260507s9999||||xx |||||||||||||| ||und|| | ||
| 040 | _cfsecg | ||
| 041 | _aara | ||
| 082 | _a330 | ||
| 100 |
_aزينب، حسين عوض الله _eمؤلف |
||
| 245 | 0 |
_aمبادئ الإقتصاد السياسي / _c حسين عوض الله زينب |
|
| 260 |
_aبيروت: _bمنشورات الحلبي الحقوقية, _c2007 |
||
| 300 |
_a528 صفحة؛ _bإيضاحات ؛ _c24 سم |
||
| 520 | _aيضم مقدمة لعلم الاقتصاد: المشكلة الاقتصادية، منهج علم الاقتصاد، المذاهب والنظم الاقتصادية: المذاهب الاقتصادية، النظم الاقتصادية، السوق ونظرية الثمن: السق، الطلب، العرض، ثمن التوازن، نظرية الانتاج: مفهوم فكرة الانتاج، دالة الانتاج، نظرية التوزيع: القواعد العامة التي تحكم أثمان عناصر الانتاج، أثمان خدمات عناصر الانتاج | ||
| 653 | _aالاقتصاد السياسي | ||
| 653 | _aالانتاج | ||
| 653 | _aالنظم الاقتصادية | ||
| 700 |
_aعدلي ناشد، سوزي _eمؤلف ثانوي |
||
| 942 | _cكتاب | ||
| 999 |
_c41640 _d41640 |
||